| 000 -LEADER |
| fixed length control field |
00273nam a22001097a 4500 |
| 020 ## - INTERNATIONAL STANDARD BOOK NUMBER |
| International Standard Book Number |
9788125019886 |
| 100 ## - MAIN ENTRY--PERSONAL NAME |
| Personal name |
S.R. Maheshwari |
| 9 (RLIN) |
4039 |
| 245 ## - TITLE STATEMENT |
| Title |
Indian administration |
| Statement of responsibility, etc |
Maheshwari, S.R. |
| 250 ## - EDITION STATEMENT |
| Edition statement |
6th |
| 260 ## - PUBLICATION, DISTRIBUTION, ETC. (IMPRINT) |
| Place of publication, distribution, etc |
New Delhi |
| Name of publisher, distributor, etc |
Orient Blackswan |
| Date of publication, distribution, etc |
2012 |
| 300 ## - PHYSICAL DESCRIPTION |
| Extent |
650p. |